Detalles MARC
| 000 -LEADER |
| fixed length control field |
02032nam a2200469 i 4500 |
| 001 - CONTROL NUMBER |
| control field |
DIGPUZ0888 |
| 003 - CONTROL NUMBER IDENTIFIER |
| control field |
NyNyDIG |
| 007 - PHYSICAL DESCRIPTION FIXED FIELD--GENERAL INFORMATION |
| fixed length control field |
cr ||||||||||| |
| 008 - FIXED-LENGTH DATA ELEMENTS--GENERAL INFORMATION |
| fixed length control field |
220803s2022 sp ab ob 000 0 spa d |
| 006 - FIXED-LENGTH DATA ELEMENTS--ADDITIONAL MATERIAL CHARACTERISTICS |
| fixed length control field |
m o d |
| 035 ## - SYSTEM CONTROL NUMBER |
| System control number |
(OCoLC)1338645172 |
| 040 ## - CATALOGING SOURCE |
| Original cataloging agency |
DGITA |
| Language of cataloging |
eng |
| Description conventions |
rda |
| -- |
pn |
| Transcribing agency |
DGITA |
| 020 ## - INTERNATIONAL STANDARD BOOK NUMBER |
| International Standard Book Number |
9788413403762 |
| Qualifying information |
eBook |
| 020 ## - INTERNATIONAL STANDARD BOOK NUMBER |
| Canceled/invalid ISBN |
9788413403755 |
| 043 ## - GEOGRAPHIC AREA CODE |
| Geographic area code |
aw----- |
| 050 14 - LIBRARY OF CONGRESS CALL NUMBER |
| Classification number |
DS48 ebook |
| 100 1# - MAIN ENTRY--PERSONAL NAME |
| Personal name |
Borbón, Alfonso Carlos de, |
| Dates associated with a name |
1849-1936, |
| Relator term |
author. |
| 245 10 - TITLE STATEMENT |
| Title |
Viaje al cercano Oriente en 1868 : |
| Remainder of title |
(Constantinopla, Egipto, Suez, Palestina) / |
| Statement of responsibility, etc. |
Alfonso Carlos de Borbón Austria-Este ; edición crítica y estudio introductorio de Cristina de la Puente y José Ramón Urquijo Goitia. |
| 250 ## - EDITION STATEMENT |
| Edition statement |
1a edición. |
| 264 #1 - PRODUCTION, PUBLICATION, DISTRIBUTION, MANUFACTURE, AND COPYRIGHT NOTICE |
| Place of production, publication, distribution, manufacture |
Zaragoza, España : |
| Name of producer, publisher, distributor, manufacturer |
Prensas de la Universidad de Zaragoza, |
| Date of production, publication, distribution, manufacture, or copyright notice |
2022. |
| 300 ## - PHYSICAL DESCRIPTION |
| Extent |
1 online resource : |
| Other physical details |
illustrations, maps. |
| 336 ## - CONTENT TYPE |
| Content type term |
text |
| Content type code |
txt |
| Source |
rdacontent |
| 337 ## - MEDIA TYPE |
| Media type term |
computer |
| Media type code |
c |
| Source |
rdamedia |
| 338 ## - CARRIER TYPE |
| Carrier type term |
online resource |
| Carrier type code |
cr |
| Source |
rdacarrier |
| 347 ## - DIGITAL FILE CHARACTERISTICS |
| File type |
text file |
| Source |
rdaft |
| 347 ## - DIGITAL FILE CHARACTERISTICS |
| Encoding format |
PDF |
| 490 1# - SERIES STATEMENT |
| Series statement |
Colección PUZClásicos/Textos |
| 504 ## - BIBLIOGRAPHY, ETC. NOTE |
| Bibliography, etc. note |
Includes bibliographical references. |
| 588 0# - SOURCE OF DESCRIPTION NOTE |
| Source of description note |
Online resource; title from PDF title page (Digitalia, viewed August 3, 2022) |
| 600 10 - SUBJECT ADDED ENTRY--PERSONAL NAME |
| Personal name |
Borbón, Alfonso Carlos de, |
| Dates associated with a name |
1849-1936 |
| General subdivision |
Travel |
| Geographic subdivision |
Middle East. |
| 651 #0 - SUBJECT ADDED ENTRY--GEOGRAPHIC NAME |
| Geographic name |
Middle East |
| General subdivision |
Description and travel. |
| 655 #0 - INDEX TERM--GENRE/FORM |
| Genre/form data or focus term |
Electronic books. |
| 700 1# - ADDED ENTRY--PERSONAL NAME |
| Personal name |
Puente, Cristina de la, |
| Relator term |
editor. |
| 700 1# - ADDED ENTRY--PERSONAL NAME |
| Personal name |
Urquijo y Goitia, José Ramón de, |
| Relator term |
editor. |
| 791 2# - |
| -- |
Digitalia (Firm), |
| -- |
distributor. |
| 793 0# - |
| -- |
Digitalia eBook Collection: |
| -- |
Prensas Universitarias de Zaragoza |
| 776 08 - ADDITIONAL PHYSICAL FORM ENTRY |
| Relationship information |
Print version: |
| Main entry heading |
Borbón, Alfonso Carlos de, 1849-1936. |
| Title |
Viaje al cercano Oriente en 1868. |
| Edition |
1a edición. |
| Place, publisher, and date of publication |
Zaragoza, España : Prensas de la Universidad de Zaragoza, 2022 |
| International Standard Book Number |
9788413403755 |
| 830 #0 - SERIES ADDED ENTRY--UNIFORM TITLE |
| Uniform title |
PUZClásicos (Series) |
| 856 40 - ELECTRONIC LOCATION AND ACCESS |
| Materials specified |
Digitalia Hispánica |
| Uniform Resource Identifier |
<a href="https://www.digitaliapublishing.com/a/112319/">https://www.digitaliapublishing.com/a/112319/</a> |
| 910 ## - USER-OPTION DATA (OCLC) |
| User-option data |
Premium collection: 2022 |
| 942 ## - ADDED ENTRY ELEMENTS (KOHA) |
| Koha item type |
Recurso Electrónico |